<?xml version="1.0" encoding="UTF-8"?>
<record
    xmlns:xsi="http://www.w3.org/2001/XMLSchema-instance"
    xsi:schemaLocation="http://www.loc.gov/MARC21/slim http://www.loc.gov/standards/marcxml/schema/MARC21slim.xsd"
    xmlns="http://www.loc.gov/MARC21/slim">

  <leader>00750nam a22002297a 4500</leader>
  <controlfield tag="003">OSt</controlfield>
  <controlfield tag="005">20150408114125.0</controlfield>
  <controlfield tag="008">130313s    2009nju||||g |||| 00| 0 eng d</controlfield>
  <datafield tag="020" ind1=" " ind2=" ">
    <subfield code="a">9780135070659</subfield>
  </datafield>
  <datafield tag="040" ind1=" " ind2=" ">
    <subfield code="a">Ma-un</subfield>
  </datafield>
  <datafield tag="082" ind1=" " ind2=" ">
    <subfield code="a">338.5024658 </subfield>
    <subfield code="b">K P M</subfield>
  </datafield>
  <datafield tag="100" ind1=" " ind2=" ">
    <subfield code="a">Keat, Paul G.</subfield>
    <subfield code="9">34186</subfield>
  </datafield>
  <datafield tag="245" ind1=" " ind2=" ">
    <subfield code="a">Managerial economics :</subfield>
    <subfield code="b">economic tools for today's decision makers / </subfield>
    <subfield code="c">Paul G. Keat, Philip K.Y. </subfield>
  </datafield>
  <datafield tag="250" ind1=" " ind2=" ">
    <subfield code="a">6th ed.</subfield>
  </datafield>
  <datafield tag="260" ind1=" " ind2=" ">
    <subfield code="a">Upper Saddle River, N.J :</subfield>
    <subfield code="b">Pearson Education Internationa,</subfield>
    <subfield code="c">2009.</subfield>
  </datafield>
  <datafield tag="300" ind1=" " ind2=" ">
    <subfield code="a"> xxiii, 598 p. :</subfield>
    <subfield code="b">ill. ;</subfield>
    <subfield code="c">26 cm.</subfield>
  </datafield>
  <datafield tag="500" ind1=" " ind2=" ">
    <subfield code="a">Includes index.</subfield>
  </datafield>
  <datafield tag="500" ind1=" " ind2=" ">
    <subfield code="a">Pearson International edition" -- Cover.</subfield>
  </datafield>
  <datafield tag="650" ind1=" " ind2=" ">
    <subfield code="a">Managerial economics</subfield>
    <subfield code="9">17821</subfield>
  </datafield>
  <datafield tag="700" ind1=" " ind2=" ">
    <subfield code="a">Young, Philip K. Y.</subfield>
    <subfield code="9">34187</subfield>
  </datafield>
  <datafield tag="942" ind1=" " ind2=" ">
    <subfield code="2">ddc</subfield>
    <subfield code="c">BOOK</subfield>
  </datafield>
  <datafield tag="999" ind1=" " ind2=" ">
    <subfield code="c">28946</subfield>
    <subfield code="d">263446</subfield>
  </datafield>
  <datafield tag="952" ind1=" " ind2=" ">
    <subfield code="1">0</subfield>
    <subfield code="2">2013-03-13</subfield>
    <subfield code="4">0</subfield>
    <subfield code="7">1</subfield>
    <subfield code="a">338.5024658  K P M</subfield>
    <subfield code="c">1</subfield>
    <subfield code="d">2013-03-13</subfield>
    <subfield code="h">CL</subfield>
    <subfield code="i">00304692</subfield>
    <subfield code="m">CL</subfield>
    <subfield code="r">2013-03-13 00:00:00</subfield>
    <subfield code="t">BOOK</subfield>
    <subfield code="w">ddc</subfield>
    <subfield code="y">0</subfield>
  </datafield>
  <datafield tag="952" ind1=" " ind2=" ">
    <subfield code="1">0</subfield>
    <subfield code="2">2013-03-13</subfield>
    <subfield code="4">0</subfield>
    <subfield code="7">0</subfield>
    <subfield code="a">338.5024658  K P M</subfield>
    <subfield code="c">2</subfield>
    <subfield code="d">2013-03-13</subfield>
    <subfield code="h">CL</subfield>
    <subfield code="i">00304693</subfield>
    <subfield code="m">CL</subfield>
    <subfield code="r">2013-03-13 00:00:00</subfield>
    <subfield code="t">BOOK</subfield>
    <subfield code="w">ddc</subfield>
    <subfield code="y">0</subfield>
  </datafield>
  <datafield tag="952" ind1=" " ind2=" ">
    <subfield code="1">0</subfield>
    <subfield code="2">2013-03-13</subfield>
    <subfield code="4">0</subfield>
    <subfield code="7">0</subfield>
    <subfield code="a">338.5024658  K P M</subfield>
    <subfield code="c">3</subfield>
    <subfield code="d">2013-03-13</subfield>
    <subfield code="h">CL</subfield>
    <subfield code="i">00304694</subfield>
    <subfield code="m">CL</subfield>
    <subfield code="r">2013-03-13 00:00:00</subfield>
    <subfield code="t">BOOK</subfield>
    <subfield code="w">ddc</subfield>
    <subfield code="y">0</subfield>
  </datafield>
  <datafield tag="952" ind1=" " ind2=" ">
    <subfield code="1">0</subfield>
    <subfield code="2">2013-03-13</subfield>
    <subfield code="4">0</subfield>
    <subfield code="7">1</subfield>
    <subfield code="a">338.5024658  K P M</subfield>
    <subfield code="c">1</subfield>
    <subfield code="d">2013-03-13</subfield>
    <subfield code="h">EMF</subfield>
    <subfield code="i">00304695</subfield>
    <subfield code="m">EMF</subfield>
    <subfield code="r">2013-03-13 00:00:00</subfield>
    <subfield code="t">BOOK</subfield>
    <subfield code="w">ddc</subfield>
    <subfield code="y">0</subfield>
  </datafield>
  <datafield tag="952" ind1=" " ind2=" ">
    <subfield code="1">0</subfield>
    <subfield code="2">2013-03-13</subfield>
    <subfield code="4">0</subfield>
    <subfield code="7">0</subfield>
    <subfield code="a">338.5024658  K P M</subfield>
    <subfield code="c">2</subfield>
    <subfield code="d">2013-03-13</subfield>
    <subfield code="h">EMF</subfield>
    <subfield code="i">00304696</subfield>
    <subfield code="m">EMF</subfield>
    <subfield code="r">2013-03-13 00:00:00</subfield>
    <subfield code="t">BOOK</subfield>
    <subfield code="w">ddc</subfield>
    <subfield code="y">0</subfield>
  </datafield>
  <datafield tag="952" ind1=" " ind2=" ">
    <subfield code="1">0</subfield>
    <subfield code="2">2013-03-13</subfield>
    <subfield code="4">0</subfield>
    <subfield code="7">1</subfield>
    <subfield code="a">338.5024658  K P M</subfield>
    <subfield code="c">1</subfield>
    <subfield code="d">2013-03-13</subfield>
    <subfield code="h">SZM</subfield>
    <subfield code="i">00304697</subfield>
    <subfield code="m">SZM</subfield>
    <subfield code="r">2013-03-13 00:00:00</subfield>
    <subfield code="t">BOOK</subfield>
    <subfield code="w">ddc</subfield>
    <subfield code="y">0</subfield>
  </datafield>
  <datafield tag="952" ind1=" " ind2=" ">
    <subfield code="1">0</subfield>
    <subfield code="2">2013-03-13</subfield>
    <subfield code="4">0</subfield>
    <subfield code="7">0</subfield>
    <subfield code="a">338.5024658  K P M</subfield>
    <subfield code="c">2</subfield>
    <subfield code="d">2013-03-13</subfield>
    <subfield code="h">SZM</subfield>
    <subfield code="i">00304698</subfield>
    <subfield code="m">SZM</subfield>
    <subfield code="r">2013-03-13 00:00:00</subfield>
    <subfield code="t">BOOK</subfield>
    <subfield code="w">ddc</subfield>
    <subfield code="y">0</subfield>
  </datafield>
  <datafield tag="952" ind1=" " ind2=" ">
    <subfield code="1">0</subfield>
    <subfield code="2">2013-03-13</subfield>
    <subfield code="4">0</subfield>
    <subfield code="7">1</subfield>
    <subfield code="a">338.5024658  K P M</subfield>
    <subfield code="c">1</subfield>
    <subfield code="d">2013-03-13</subfield>
    <subfield code="h">EZF</subfield>
    <subfield code="i">00304699</subfield>
    <subfield code="m">EZF</subfield>
    <subfield code="r">2013-03-13 00:00:00</subfield>
    <subfield code="t">BOOK</subfield>
    <subfield code="w">ddc</subfield>
    <subfield code="y">0</subfield>
  </datafield>
  <datafield tag="952" ind1=" " ind2=" ">
    <subfield code="1">0</subfield>
    <subfield code="2">2013-03-13</subfield>
    <subfield code="4">0</subfield>
    <subfield code="7">0</subfield>
    <subfield code="a">338.5024658  K P M</subfield>
    <subfield code="c">2</subfield>
    <subfield code="d">2013-03-13</subfield>
    <subfield code="h">EZF</subfield>
    <subfield code="i">00304700</subfield>
    <subfield code="m">EZF</subfield>
    <subfield code="r">2013-03-13 00:00:00</subfield>
    <subfield code="t">BOOK</subfield>
    <subfield code="w">ddc</subfield>
    <subfield code="y">0</subfield>
  </datafield>
</record>
